000
00319 a2200157 4500
001
182794
020
_a
040
_c
Magnum
100
_a
Malba Tahan
240
1
0
_a
O homem que calculava
_l
por
245
1
0
_a
O homem que calculava
300
_a
258
362
0
_a
1965
697
_a
LITERATURA GERAL
942
_c
BK
999
_c
182794
_d
182794